000
00256nam a2200109Ia 4500
001
588697
005
20250717120836.0
008
250717s9999 xx 000 0 und d
245
0
_a
Y-4 MESİH
_c
METE YARAR
260
_b
DESTEK YAYINLARI
_c
2018
300
_b
112
999
_c
588697
_d
588697